000 00585nam a22001937a 4500
005 20180806102706.0
010 _aENG-123681
020 _a9788124120118
_c495.00
035 _aEN-107213
037 _bDBAD/PUB
082 _a230.35
100 _aNanda, A.R.
245 _aThe mystic saint of shirdi /
_cby A.R. Nanda
260 _aNew Delhi
_bHar-Anand Publications
_c2017
270 _aE-49/3,Okhla Industrial Area,Phase-II
_bNew Delhi
_e110020
300 _a146p.:
_c21cm (pbk)
500 _aIt includes select bibliography
942 _2ddc
_cEN
_h230.35
_mNAN
999 _c155489
_d155489